000 00516nam a2200205Ia 4500
003 OSt
005 20230610110237.0
008 210423s2010 xx 000 0 und d
020 _a195694570
040 _cAL
041 _aeng
082 _a658.15 SRIR
100 _aSRIVASTAVA (Rajiv);MISRA (Anil).
_985934
245 _aFinancial management.
260 _aNew Delhi
_bOxford University Press
_c2010
300 _axv,794.
_bPB
365 _b485
_cINR
906 _aFinancial ; management.
942 _2ddc
_cBK
999 _c158433
_d158433